Acteurs les mieux payés d'Hollywood en 2022 - Statistiques

Statistiques générales
  • Ce quiz a été pris 94 fois
  • Le résultat moyen est 2 sur 10
Statistiques - réponses
Hint Réponse % Correct
1 Dwayne Johnson
80%
8 Will Smith
42%
2 Ryan Reynolds
20%
5 Vin Diesel
20%
9 Adam Sandler
8%
4 Ben Affleck
7%
3 Mark Wahlberg
5%
6 Akshay Kumar
2%
7 Lin-Manuel Miranda
2%
10 Shah Rukh Khan
2%
Aucun quiz correspondant
Distribution des résultats
% des personnes avec chaque résultat
Percentile par nombre de réponses
Votre historique - résultats
Vous n’avez pas pris ce quiz